• Iglesia de Nuestra Señora de la Asunción (Villahoz, España)

di Corporate Name

Records bibliografici associati: 1

001 - CONTROL NUMBER

  • control field: 28369

003 - CONTROL NUMBER IDENTIFIER

  • control field: IT-RoINE

005 - DATE AND TIME OF LATEST TRANSACTION

  • control field: 20161202071440.0

008 - FIXED-LENGTH DATA ELEMENTS

  • fixed length control field: 161202|| aca||aabn | a|a d

040 ## - CATALOGING SOURCE

  • Original cataloging agency: IT-RoINE
  • Transcribing agency: IT-RoINE

110 ## - HEADING--CORPORATE NAME

  • Corporate name or jurisdiction name as entry element: Iglesia de Nuestra Señora de la Asunción (Villahoz, España)

670 ## - SOURCE DATA FOUND

  • Source citation: Work cat.: (IT-RoINE)0: Aparicio Ahedo, Óscar, 1970- 13334, Las iglesias de la Comarca del Bajo Arlanza :, DL 2012.